000 00648nam a2200229Ia 4500
003 OSt
005 20221007073443.0
006 a|||||r|||| 00| 0
007 ta
008 221006b |||||||| |||| 00| 0 eng d
024 _a17,865
037 _cTextual
040 _aFLL
_cFLL
_beng
041 _2eng
_aeng
082 _aY:45:61.2.N7g, L9
100 _aMangat S.S. Au.
_9692231
245 0 _aPoliceman's guide to crime and criminal investigation
260 _aLucknow
_bEastern book company India
_c1979
300 _a349p
_ccm.
942 _hY:45:61.2.N7g, L9
_cTEXL
_2CC
999 _c1148798
_d1148798